| 000 | 00945nam a22003730a 4500 | ||
|---|---|---|---|
| 001 | PT36015 | ||
| 003 | AR-LpoUNG | ||
| 005 | 20210131230332.0 | ||
| 008 | 191001s2006||||ag |||||||||||||||||spa d | ||
| 020 |
_a9871180330 _c$50 |
||
| 040 |
_aAR-LpoUNG _bspa _cAR-LpoUNG _eaacr |
||
| 041 | _aspa | ||
| 044 | _aag | ||
| 082 | 0 | _a982.068 422nor | |
| 100 | 1 | _aMassuh, Gabriela | |
| 245 | 1 | 3 |
_aLa normalidad : _bex Argentina |
| 250 | _a1§ edición | ||
| 260 |
_aBuenos Aires : _bInstituto Goethe, _c2006. |
||
| 300 |
_a239 p. : _bil. |
||
| 650 | 4 | _aANALISIS HISTORICO | |
| 650 | 4 | _aARGENTINA | |
| 650 | 4 | _aARTE | |
| 650 | 4 | _aASPECTOS ECONOMICOS | |
| 650 | 4 | _aASPECTOS SOCIALES | |
| 650 | 4 | _aCRISIS SOCIAL | |
| 650 | 4 | _aEXPOSICIONES | |
| 650 | 4 | _aHISTORIA ECONOMICA | |
| 650 | 4 | _aHISTORIA POLITICA | |
| 650 | 4 | _aINVESTIGACION SOCIAL | |
| 650 | 4 | _aRECESION ECONOMICA | |
| 651 | 4 | _aArgentina | |
| 905 | _a36015 | ||
| 942 | _cLIB | ||
| 999 |
_c2874 _d2874 |
||